Administrative Law (Record no. 227)

MARC details
005 - DATE AND TIME OF LATEST TRANSACTION
control field 20250621091151.0
020 ## - INTERNATIONAL STANDARD BOOK NUMBER
International Standard Book Number 0-87457-185-5
082 ## - DEWEY DECIMAL CLASSIFICATION NUMBER
Classification number LM 342.42 KOC
100 ## - MAIN ENTRY--PERSONAL NAME
Author name KOCH, C. H.
245 ## - TITLE STATEMENT
Title Administrative Law
260 ## - PUBLICATION, DISTRIBUTION, ETC.
Place of publication, distribution, etc. United States of America
Name of publisher, distributor, etc. Casenotes Publishing Co.
Date of publication, distribution, etc. 2002
300 ## - PHYSICAL DESCRIPTION
Extent xl, 256p.: ill.; picture & tables.
Other physical details Glossary & Index
Dimensions 28cm.
700 ## - ADDED ENTRY--PERSONAL NAME
Other authors/Editors SHAPIRO, A. S.
942 ## - ADDED ENTRY ELEMENTS (KOHA)
Source of classification or shelving scheme Dewey Decimal Classification
Koha item type Books
Holdings
Date last seen Total checkouts Full call number Barcode Cost, replacement price Price effective from Koha item type Lost status Source of classification or shelving scheme Damaged status Not for loan Withdrawn status Home library Current library Shelving location Date acquired Cost, normal purchase price
03/10/2025   LM 342.42 KOC 000000812 477675.00 03/10/2025 Books   Dewey Decimal Classification       College of Business Education Main Library College of Business Education Main Library General Collection 08/04/2011 159225.00
03/10/2025   LM 342.42 KOC 000000813 477675.00 02/23/2025 Books   Dewey Decimal Classification       College of Business Education Main Library College of Business Education Main Library General Collection 08/04/2011 159225.00
05/29/2025   LM 342.42 KOC 0000008235 477675.00 02/23/2025 Books   Dewey Decimal Classification       College of Business Education Main Library College of Business Education Main Library Special Reserve Collection 08/04/2011 159225.00